| 000 | 00683nam a22002297a 4500 | ||
|---|---|---|---|
| 005 | 20170124110232.0 | ||
| 010 | _aA-710390 | ||
| 020 | _c150.00 | ||
| 035 | _aA-710390 | ||
| 037 | _bCen Lib/Ret | ||
| 040 |
_aDPL _bEN |
||
| 082 |
_a921 _bDHA |
||
| 100 |
_aDhawan, S.K. _928333 |
||
| 245 |
_aDr. B.R. Ambedkar : _cby S.K. Dhawan _ba select profile (1891-1956) / |
||
| 260 |
_aDelhi _bWave Publications _c1991 |
||
| 270 |
_bDelhi _a921, mukherji nagar _e110009 |
||
| 300 |
_a114p. _c21cm(Hb) |
||
| 500 | _aIncludes bibliographical references and index | ||
| 650 |
_aPolitical science _941518 |
||
| 650 |
_aStatesmen _98466 |
||
| 942 |
_2ddc _cEN _h921 _mDHA |
||
| 999 |
_c134708 _d134708 |
||